000 00324nam a2200133Ia 4500
008 231129s1997||||xx |||||||||||||| ||spa||
040 _bspa
082 _a100 P769
100 _aPolitzer Georges
245 0 _aCurso de filosofia : Principios fundamentales
260 _c1997
264 _aEdiciones Pepe
942 _2ddc
_cBKS
999 _c8660
_d8660